[Event "Titled Tuesday intern op 16th Jan Late"]
[Site "Chess.com INT"]
[Date "2024.01.16"]
[Round "6"]
[White "Gritsenko, Nikolai"]
[Black "Toktomushev, Teimur"]
[Result "1-0"]
[WhiteElo "2309"]
[BlackElo "2249"]
[PlyCount "69"]
[EventDate "2024.01.16"]
[EventType "swiss (blitz)"]
[EventRounds "11"]
[EventCountry "USA"]
[SourceTitle "CB04_2024"]
[SourceDate "2023.10.16"]
[SourceVersion "1"]
[SourceVersionDate "2023.10.16"]
[SourceQuality "1"]

1. d4 d5 2. Bg5 c5 3. c3 Nc6 4. Nf3 Qb6 5. Bc1 Bg4 6. e3 e5 7. dxe5 Nxe5 8. Nbd2 Nf6 9. Qb3 Nxf3+ 10. Nxf3 c4 11. Qa4+ Bd7 12. Qc2 Bd6 13. g3 Ne4 14. Bg2 h6 15. Nd4 0-0 16. 0-0 Rfe8 17. Rd1 Rad8 18. b3 cxb3 19. axb3 Be5 20. c4 Bg4 21. f3 Bxd4 22. exd4 Bf5 23. fxe4 dxe4 24. Be3 Qg6 25. Rxa7 b5 26. d5 bxc4 27. bxc4 h5 28. Qf2 Bg4 29. Rf1 f5 30. Bd4 e3 31. Qf4 e2 32. Re1 Rf8 33. Rxg7+ Qxg7 34. Bxg7 Kxg7 35. h3 1-0

[Event "Titled Tuesday intern op 24th Oct Late"]
[Site "Chess.com INT"]
[Date "2023.10.24"]
[Round "4"]
[White "Gritsenko, Nikolai"]
[Black "Golubev, Mikhail"]
[Result "1-0"]
[WhiteElo "2309"]
[BlackElo "2461"]
[PlyCount "101"]
[EventDate "2023.10.24"]
[EventType "swiss (blitz)"]
[EventRounds "11"]
[EventCountry "USA"]
[SourceTitle "Mega2024 Update 01"]
[Source "Chessbase"]
[SourceDate "2023.11.12"]
[SourceVersion "1"]
[SourceVersionDate "2023.11.12"]
[SourceQuality "1"]

1. d4 Nf6 2. Bg5 Ne4 3. h4 h6 4. Bf4 g6 5. Nd2 Nxd2 6. Qxd2 Bg7 7. Nf3 d6 8. c3 Nc6 9. 0-0-0 Bg4 10. d5 Bxf3 11. gxf3 Na5 12. Qc2 c5 13. Bh3 b5 14. Rhg1 Kf8 15. Be6 Qe8 16. Rxg6 fxg6 17. Rg1 Nb7 18. Rxg6 Nd8 19. Qf5+ Nf7 20. Qg4 Rh7 21. Qf5 b4 22. Rg4 Kg8 23. c4 Qf8 24. Rg6 Kh8 25. Bxf7 Qxf7 26. Qxf7 Bxb2+ 27. Kxb2 Rxf7 28. e3 Kh7 29. Rxh6+ Kg7 30. Re6 Kf8 31. Bh6+ Ke8 32. Bf4 Kd7 33. h5 Rh8 34. h6 Rf6 35. Rxf6 exf6 36. Kc2 f5 37. e4 fxe4 38. fxe4 Rf8 39. Be3 Rf3 40. Kd3 Rh3 41. Ke2 a5 42. Kd2 a4 43. Kc2 Rh2 44. Kb2 Ke7 45. e5 dxe5 46. Bxc5+ Kf7 47. Be3 e4 48. c5 Ke7 49. c6 Kd6 50. Bf4+ Kxd5 51. Bxh2 1-0

[Event "Titled Tuesday intern op 24th Oct Late"]
[Site "Chess.com INT"]
[Date "2023.10.24"]
[Round "9"]
[White "Mikaelyan, Arman"]
[Black "Gritsenko, Nikolai"]
[Result "1-0"]
[WhiteElo "2526"]
[BlackElo "2309"]
[PlyCount "79"]
[EventDate "2023.10.24"]
[EventType "swiss (blitz)"]
[EventRounds "11"]
[EventCountry "USA"]
[SourceTitle "Mega2024 Update 01"]
[Source "Chessbase"]
[SourceDate "2023.11.12"]
[SourceVersion "1"]
[SourceVersionDate "2023.11.12"]
[SourceQuality "1"]

1. d4 d5 2. c4 Nc6 3. e3 Nf6 4. Nc3 e6 5. Nf3 Bb4 6. Bd2 0-0 7. Bd3 dxc4 8. Bxc4 a6 9. 0-0 Bd6 10. Qe2 e5 11. dxe5 Nxe5 12. Nxe5 Bxe5 13. f4 Bg4 14. Qe1 Bxc3 15. Bxc3 Ne4 16. Be5 Qe7 17. h3 Be6 18. Rc1 f6 19. Bxe6+ Qxe6 20. Bxc7 Qxa2 21. Qb4 Rfe8 22. Qxb7 Qe6 23. f5 Qe7 24. Qd5+ Kh8 25. Rc6 Ng5 26. Bf4 Rad8 27. Qc4 Qd7 28. Bxg5 fxg5 29. f6 gxf6 30. Rcxf6 Qe7 31. e4 Rd2 32. Qc3 Qa7+ 33. R6f2+ Rd4 34. Kh1 Rexe4 35. Rf8+ Kg7 36. Qc8 Rf4 37. Rg8+ Kh6 38. Qe6+ Kh5 39. Qg6+ Kh4 40. Qxg5# 1-0

[Event "Titled Tuesday intern op 15th Aug Early"]
[Site "Chess.com INT"]
[Date "2023.08.15"]
[Round "3"]
[White "Gritsenko, Nikolai"]
[Black "Bortnyk, Olexandr"]
[Result "0-1"]
[WhiteElo "2309"]
[BlackElo "2608"]
[PlyCount "50"]
[EventDate "2023.08.15"]
[EventType "swiss (blitz)"]
[EventRounds "11"]
[EventCountry "USA"]
[SourceTitle "EXT 2024"]
[Source "ChessBase"]
[SourceDate "2023.10.10"]
[SourceVersion "1"]
[SourceVersionDate "2023.10.10"]
[SourceQuality "1"]

1. d4 Nf6 2. Bg5 g6 3. Bxf6 exf6 4. e3 c6 5. c4 Qb6 6. Qd2 d5 7. cxd5 cxd5 8. Nc3 Be6 9. Bb5+ Nc6 10. Nge2 Bd6 11. Bxc6+ bxc6 12. 0-0 0-0 13. Rac1 Qa6 14. Nf4 Bxf4 15. exf4 Rfe8 16. b3 Qa5 17. Ne4 Qxd2 18. Nxd2 Bf5 19. Rfe1 a5 20. a4 Rxe1+ 21. Rxe1 Rb8 22. h3 Rb4 23. g4 Be6 24. Rc1 Rxd4 25. Nf1 Bd7 0-1

[Event "Titled Tuesday intern op 20th Jun Early"]
[Site "Chess.com INT"]
[Date "2023.06.20"]
[Round "11"]
[White "Gritsenko, Nikolai"]
[Black "Gadimbayli, Abdulla Azar"]
[Result "1-0"]
[WhiteElo "2309"]
[BlackElo "2483"]
[PlyCount "175"]
[EventDate "2023.06.20"]
[EventType "swiss (blitz)"]
[EventRounds "11"]
[EventCountry "USA"]
[SourceTitle "EXT 2024"]
[Source "ChessBase"]
[SourceDate "2023.10.10"]
[SourceVersion "1"]
[SourceVersionDate "2023.10.10"]
[SourceQuality "1"]

1. d4 d5 2. Nf3 Nc6 3. e3 Bg4 4. Be2 Nf6 5. Nbd2 Qd6 6. c4 Bxf3 7. gxf3 e5 8. cxd5 Qxd5 9. dxe5 Nxe5 10. Qb3 0-0-0 11. Qxd5 Nxd5 12. a3 g5 13. Ne4 h6 14. Ng3 Nb6 15. Bd2 h5 16. 0-0-0 Nd5 17. Ne4 Be7 18. Nc3 Nb6 19. Nb5 a6 20. Bc3 f6 21. Nd4 Nd5 22. Nf5 Bc5 23. Bxe5 fxe5 24. Rhg1 g4 25. fxg4 hxg4 26. Bxg4 Kb8 27. h3 Nf6 28. Rxd8+ Rxd8 29. Rd1 Rg8 30. Rg1 Ne4 31. Rg2 Rf8 32. f3 Nd6 33. e4 Nb5 34. h4 Nd4 35. h5 Rf6 36. Rh2 Nxf5 37. Bxf5 Be3+ 38. Kc2 Rd6 39. Rg2 b5 40. Re2 Bf4 41. Rg2 Kb7 42. Re2 Rc6+ 43. Kb3 Rd6 44. Rg2 Rd3+ 45. Kc2 Rxf3 46. Bg6 Rh3 47. Bf7 c6 48. Re2 Kb6 49. Kb1 a5 50. Ka2 a4 51. Be6 Rxh5 52. Rc2 Rh6 53. Bd7 Rd6 54. Bf5 c5 55. Rg2 Rd1 56. Rg6+ Kb7 57. Rg7+ Kb6 58. Rg6+ Ka5 59. Rg8 b4 60. Ra8+ Kb5 61. Rb8+ Kc4 62. Be6+ Kd4 63. Rd8+ Kxe4 64. Rxd1 b3+ 65. Kb1 Kf3 66. Bd7 e4 67. Bc6 Ke2 68. Rd8 e3 69. Re8 Kd2 70. Bb5 Bg5 71. Re4 Bf6 72. Rxa4 Bd4 73. Ra6 e2 74. Bxe2 Kxe2 75. a4 c4 76. a5 Ke3 77. Rd6 Bc5 78. Rd5 Ba7 79. Rd7 Bc5 80. a6 c3 81. a7 c2+ 82. Kc1 Ke2 83. Re7+ Kd3 84. a8Q Bxe7 85. Qd5+ Ke2 86. Qxb3 Bg5+ 87. Kxc2 Bd2 88. Qc4+ 1-0

[Event "Titled Tuesday intern op 20th Jun Early"]
[Site "Chess.com INT"]
[Date "2023.06.20"]
[Round "4"]
[White "Gritsenko, Nikolai"]
[Black "Kiseleva, Arina"]
[Result "1-0"]
[WhiteElo "2309"]
[BlackElo "1962"]
[PlyCount "75"]
[EventDate "2023.06.20"]
[EventType "swiss (blitz)"]
[EventRounds "11"]
[EventCountry "USA"]
[SourceTitle "EXT 2024"]
[Source "ChessBase"]
[SourceDate "2023.10.10"]
[SourceVersion "1"]
[SourceVersionDate "2023.10.10"]
[SourceQuality "1"]

1. f3 d5 2. c3 e5 3. Na3 c6 4. Nc2 Bd6 5. g3 f5 6. Nh3 Nf6 7. d3 0-0 8. Bg2 Qe8 9. e3 Qh5 10. Nf2 c5 11. Bd2 Nc6 12. Qe2 a5 13. 0-0-0 a4 14. h3 Bd7 15. g4 Qf7 16. c4 b5 17. g5 Ne8 18. f4 e4 19. cxd5 Qxd5 20. dxe4 Qxa2 21. e5 a3 22. Bc3 axb2+ 23. Bxb2 Be6 24. Bxc6 Rc8 25. Bxe8 c4 26. Rxd6 c3 27. Ba1 Bb3 28. Rhd1 Bxc2 29. Qxc2 Qxa1+ 30. Qb1 Qa3+ 31. Kc2 Rfxe8 32. Qb3+ Qxb3+ 33. Kxb3 c2 34. Rc1 Rc5 35. Rxc2 Rec8 36. Rxc5 Rxc5 37. Nd3 Rc8 38. e6 1-0

[Event "Titled Tuesday intern op 20th Jun Early"]
[Site "Chess.com INT"]
[Date "2023.06.20"]
[Round "10"]
[White "Xu, Yi"]
[Black "Gritsenko, Nikolai"]
[Result "0-1"]
[WhiteElo "2502"]
[BlackElo "2309"]
[PlyCount "76"]
[EventDate "2023.06.20"]
[EventType "swiss (blitz)"]
[EventRounds "11"]
[EventCountry "USA"]
[SourceTitle "EXT 2024"]
[Source "ChessBase"]
[SourceDate "2023.10.10"]
[SourceVersion "1"]
[SourceVersionDate "2023.10.10"]
[SourceQuality "1"]

1. d4 d5 2. c4 Nc6 3. Nf3 Bg4 4. e3 e5 5. Nc3 exd4 6. Nxd5 Nf6 7. e4 Qd7 8. Bd3 Bb4+ 9. Bd2 Bxd2+ 10. Qxd2 0-0-0 11. 0-0-0 Rhe8 12. Rhe1 Kb8 13. a3 Bxf3 14. gxf3 Ne5 15. Qf4 Qd6 16. Kc2 c6 17. Nxf6 gxf6 18. Rg1 b5 19. cxb5 cxb5 20. Kb1 b4 21. Bb5 Re7 22. a4 b3 23. Rc1 a6 24. Bc4 Rb7 25. Bd5 Rb6 26. Qd2 Qb4 27. Qxb4 Rxb4 28. Rg7 Rd7 29. Rxh7 d3 30. Rd1 Rd4 31. f4 Ng4 32. Bxb3 Nxf2 33. Rd2 Nxe4 34. Rd1 d2 35. Kc2 Nf2 36. Rh8+ Kb7 37. h4 Rc7+ 38. Kb1 Nxd1 0-1

[Event "Titled Tuesday intern op 06th Jun Late"]
[Site "Chess.com INT"]
[Date "2023.06.06"]
[Round "9"]
[White "Gritsenko, Nikolai"]
[Black "Xiong, Jeffery"]
[Result "0-1"]
[WhiteElo "2309"]
[BlackElo "2692"]
[PlyCount "100"]
[EventDate "2023.06.06"]
[EventType "swiss (blitz)"]
[EventRounds "11"]
[EventCountry "USA"]
[SourceTitle "EXT 2024"]
[Source "ChessBase"]
[SourceDate "2023.10.10"]
[SourceVersion "1"]
[SourceVersionDate "2023.10.10"]
[SourceQuality "1"]

1. b3 d5 2. Bb2 Nf6 3. Nf3 g6 4. c4 c6 5. cxd5 cxd5 6. e3 Bg7 7. Bb5+ Bd7 8. Bxd7+ Nbxd7 9. 0-0 0-0 10. Nc3 Qb6 11. Rc1 Rfc8 12. Qe2 e6 13. Qb5 a6 14. Qxb6 Nxb6 15. Rc2 Rc7 16. Rfc1 Rac8 17. Ne1 Nbd7 18. Kf1 Kf8 19. Ke2 Ke8 20. Nb5 Rxc2 21. Nd6+ Kf8 22. Nxc2 Rc7 23. Ba3 Kg8 24. Nd4 Rxc1 25. Bxc1 b6 26. Nc8 Bf8 27. Na7 Ne8 28. f4 Nc7 29. Nac6 f6 30. Bb2 Kf7 31. Nd8+ Ke7 32. N8c6+ Ke8 33. a3 Bd6 34. g3 e5 35. fxe5 fxe5 36. Nf3 e4 37. Ng5 h6 38. Nh3 Nc5 39. Nd4 Nd3 40. Bc3 Bxa3 41. Nf4 Nxf4+ 42. exf4 Bc5 43. b4 Bd6 44. f5 Kf7 45. fxg6+ Kxg6 46. d3 h5 47. dxe4 dxe4 48. Bd2 Nd5 49. Nc6 Kf5 50. b5 a5 0-1

[Event "Titled Tuesday intern op 06th Jun Late"]
[Site "Chess.com INT"]
[Date "2023.06.06"]
[Round "4"]
[White "Sanchez, Roberto Daniel"]
[Black "Gritsenko, Nikolai"]
[Result "1/2-1/2"]
[WhiteElo "1966"]
[BlackElo "2309"]
[PlyCount "101"]
[EventDate "2023.06.06"]
[EventType "swiss (blitz)"]
[EventRounds "11"]
[EventCountry "USA"]
[SourceTitle "EXT 2024"]
[Source "ChessBase"]
[SourceDate "2023.10.10"]
[SourceVersion "1"]
[SourceVersionDate "2023.10.10"]
[SourceQuality "1"]

1. Nf3 c5 2. e4 Nf6 3. Nc3 Nc6 4. d4 d5 5. exd5 Nxd5 6. Bc4 Nb6 7. Bb5 cxd4 8. Nxd4 Bd7 9. Be3 e5 10. Bxc6 bxc6 11. Nf3 Qc7 12. 0-0 Be7 13. Bg5 f6 14. Be3 0-0 15. Bxb6 axb6 16. Qd3 Be6 17. Rfe1 Rfe8 18. Qe4 Bc5 19. Rad1 b5 20. a3 Qb6 21. Re2 Rad8 22. b4 Rxd1+ 23. Nxd1 Bf8 24. Ne3 Ra8 25. Qd3 Rd8 26. Qc3 c5 27. h3 cxb4 28. axb4 Rd4 29. Nxd4 exd4 30. Qd3 dxe3 31. Rxe3 Bxb4 32. Qe4 Bc4 33. Qe8+ Bf8 34. Qd7 Qd6 35. Qb7 Qd1+ 36. Kh2 Bd6+ 37. g3 Bf8 38. Re8 Qxc2 39. Qb6 Qg6 40. Rd8 Qf7 41. Qc5 g6 42. Rc8 h5 43. Qc6 h4 44. Rc7 Be7 45. Qa8+ Kg7 46. Qe4 hxg3+ 47. fxg3 Kf8 48. Rc8+ Kg7 49. Rc7 Kf8 50. Rc8+ Kg7 51. Rc7 1/2-1/2

[Event "Titled Tuesday intern op 23rd May Late"]
[Site "Chess.com INT"]
[Date "2023.05.23"]
[Round "8"]
[White "Gritsenko, Nikolai"]
[Black "Ibarra Jerez, Jose Carlos"]
[Result "0-1"]
[WhiteElo "2309"]
[BlackElo "2563"]
[PlyCount "74"]
[EventDate "2023.05.23"]
[EventType "swiss (blitz)"]
[EventRounds "11"]
[EventCountry "USA"]
[SourceTitle "EXT 2024"]
[Source "ChessBase"]
[SourceDate "2023.10.10"]
[SourceVersion "1"]
[SourceVersionDate "2023.10.10"]
[SourceQuality "1"]

1. d4 Nf6 2. Bg5 d5 3. Nd2 c5 4. e3 Nc6 5. c3 e5 6. dxe5 Nxe5 7. Ngf3 Nc6 8. Bd3 Be7 9. 0-0 0-0 10. Qc2 h6 11. Bh4 c4 12. Bf5 Nd7 13. Bxe7 Nxe7 14. Bxd7 Bxd7 15. Nd4 Ng6 16. N2f3 Re8 17. Rfd1 Qf6 18. Rd2 Rad8 19. Rad1 Re7 20. h3 Rde8 21. b3 Rc8 22. Qb2 b6 23. Qa3 Rc7 24. bxc4 dxc4 25. Qb4 Rc5 26. a4 Re8 27. Nb5 Bxh3 28. Rd6 Qf5 29. R1d4 a5 30. Qb2 Qh5 31. Nc7 Rxc7 32. Qxb6 Rce7 33. R6d5 Bf5 34. Qc5 Rb7 35. Rd1 Ne7 36. e4 Nxd5 37. Qxd5 Rd7 0-1

[Event "Titled Tuesday intern op 16th May Late"]
[Site "Chess.com INT"]
[Date "2023.05.16"]
[Round "4"]
[White "Gritsenko, Nikolai"]
[Black "Bazilius, Augustinas"]
[Result "1-0"]
[WhiteElo "2309"]
[BlackElo "2050"]
[PlyCount "119"]
[EventDate "2023.05.16"]
[EventType "swiss (blitz)"]
[EventRounds "11"]
[EventCountry "USA"]
[SourceTitle "CBM 214 Extra"]
[Source "ChessBase"]
[SourceDate "2023.07.31"]
[SourceVersion "1"]
[SourceVersionDate "2023.07.31"]
[SourceQuality "1"]

1. d4 Nf6 2. Bg5 Ne4 3. h4 d5 4. Nd2 h6 5. Nxe4 dxe4 6. Bf4 Bf5 7. e3 e6 8. g4 Bh7 9. Ne2 Bd6 10. Bg2 c6 11. Qd2 Qc7 12. Bxd6 Qxd6 13. Ng3 f5 14. gxf5 exf5 15. h5 Nd7 16. Bh3 0-0 17. Ne2 Nf6 18. Nf4 Nd5 19. 0-0-0 Nxf4 20. exf4 Rad8 21. Rhg1 Rd7 22. c3 Rfd8 23. Qe3 Qd5 24. b3 Qa5 25. Kb2 c5 26. Bf1 cxd4 27. Bc4+ Kh8 28. cxd4 Qb6 29. d5 Qxe3 30. fxe3 b5 31. Bxb5 Rxd5 32. Rxd5 Rxd5 33. Bc4 Rd2+ 34. Kc3 Rxa2 35. Rd1 g6 36. Rd8+ Kg7 37. Rd7+ Kh8 38. Rd8+ Kg7 39. Rd7+ Kh8 40. hxg6 Bxg6 41. Rc7 h5 42. Kd4 Ra5 43. b4 Ra3 44. Ke5 Rc3 45. Kf6 Be8 46. Rc8 Kh7 47. Bg8+ Kxg8 48. Rxc3 h4 49. Rc2 Bd7 50. Rh2 Kf8 51. Rxh4 Kg8 52. Rh5 Bc8 53. Rxf5 Bxf5 54. Kxf5 Kf7 55. Kxe4 Ke7 56. f5 Kf7 57. Ke5 Ke7 58. e4 Kf7 59. f6 a5 60. bxa5 1-0

[Event "Titled Tuesday intern op 16th May Early"]
[Site "Chess.com INT"]
[Date "2023.05.16"]
[Round "7"]
[White "Gritsenko, Nikolai"]
[Black "Janaszak, Dawid"]
[Result "1-0"]
[WhiteElo "2309"]
[BlackElo "2316"]
[PlyCount "107"]
[EventDate "2023.05.16"]
[EventType "swiss (blitz)"]
[EventRounds "11"]
[EventCountry "USA"]
[SourceTitle "CBM 214 Extra"]
[Source "ChessBase"]
[SourceDate "2023.07.31"]
[SourceVersion "1"]
[SourceVersionDate "2023.07.31"]
[SourceQuality "1"]

1. e4 c5 2. Nf3 Nc6 3. Bb5 e5 4. Bxc6 bxc6 5. 0-0 Qc7 6. c3 Nf6 7. d4 cxd4 8. cxd4 d6 9. h3 Be7 10. Nc3 0-0 11. Bg5 Re8 12. Re1 Rb8 13. Qd2 Nd7 14. Bxe7 Rxe7 15. Rac1 Qb7 16. b3 Nf8 17. Re3 Ng6 18. dxe5 dxe5 19. Qd8+ Nf8 20. Qa5 f6 21. Na4 Bd7 22. Rd3 Be8 23. Nc5 Qb6 24. Qc3 Kh8 25. Rcd1 a5 26. g3 g6 27. Kg2 Kg7 28. Rd6 Qb4 29. R1d3 Qxc3 30. Rxc3 Ra8 31. Nd2 Kf7 32. Nc4 Raa7 33. Rf3 Kg7 34. Rfxf6 Nd7 35. Nxd7 Bxd7 36. Rf3 a4 37. b4 Rb7 38. a3 Be8 39. Rc3 Rb5 40. Na5 Rf7 41. h4 h6 42. Rcd3 g5 43. Rd8 gxh4 44. Rxe8 h3+ 45. Kxh3 c5 46. Nc4 cxb4 47. axb4 Rxf2 48. Nd6 Rb6 49. Nf5+ Kf7 50. Ra8 Rxb4 51. Rd7+ Ke6 52. Re7+ Kf6 53. Rf8+ Kg6 54. Rg7+ 1-0

[Event "Titled Tuesday intern op 16th May Late"]
[Site "Chess.com INT"]
[Date "2023.05.16"]
[Round "3"]
[White "Iturrizaga Bonelli, Eduardo"]
[Black "Gritsenko, Nikolai"]
[Result "1-0"]
[WhiteElo "2637"]
[BlackElo "2309"]
[PlyCount "103"]
[EventDate "2023.05.16"]
[EventType "swiss (blitz)"]
[EventRounds "11"]
[EventCountry "USA"]
[SourceTitle "CBM 214 Extra"]
[Source "ChessBase"]
[SourceDate "2023.07.31"]
[SourceVersion "1"]
[SourceVersionDate "2023.07.31"]
[SourceQuality "1"]

1. c4 e5 2. g3 Nc6 3. Bg2 g6 4. Nc3 Bg7 5. Rb1 d6 6. b4 Nh6 7. b5 Ne7 8. d3 0-0 9. a4 f5 10. e3 e4 11. d4 Be6 12. Qb3 d5 13. c5 g5 14. h4 gxh4 15. Rxh4 Ng6 16. Rh1 Ng4 17. Nh3 h6 18. Ne2 Bf7 19. Nhf4 Nxf4 20. Nxf4 Re8 21. Bh3 Kh7 22. Bd2 Re7 23. Bf1 c6 24. Be2 Nf6 25. Kd1 Qe8 26. bxc6 bxc6 27. Kc2 Ng4 28. Bxg4 fxg4 29. a5 Qd7 30. a6 Qf5 31. Bc3 Qc8 32. Qa4 Be8 33. Rb2 Rb8 34. Rhb1 Rxb2+ 35. Rxb2 h5 36. Rb7 Rxb7 37. axb7 Qxb7 38. Nxd5 Qf7 39. Nf4 Bh6 40. d5 cxd5 41. Qd4 Bxf4 42. exf4 Bb5 43. Qh8+ Kg6 44. Qe5 Bd7 45. Bd4 Bf5 46. c6 e3+ 47. Kc3 exf2 48. Bxf2 d4+ 49. Bxd4 a5 50. c7 a4 51. Kb4 Qd7 52. c8Q 1-0

[Event "Titled Tuesday intern op 16th May Early"]
[Site "Chess.com INT"]
[Date "2023.05.16"]
[Round "5"]
[White "Raczek, Krzysztof"]
[Black "Gritsenko, Nikolai"]
[Result "1/2-1/2"]
[WhiteElo "2158"]
[BlackElo "2309"]
[PlyCount "72"]
[EventDate "2023.05.16"]
[EventType "swiss (blitz)"]
[EventRounds "11"]
[EventCountry "USA"]
[SourceTitle "CBM 214 Extra"]
[Source "ChessBase"]
[SourceDate "2023.07.31"]
[SourceVersion "1"]
[SourceVersionDate "2023.07.31"]
[SourceQuality "1"]

1. e4 d5 2. exd5 Nf6 3. Bb5+ Bd7 4. Be2 Nxd5 5. d4 Bf5 6. Nf3 e6 7. 0-0 Be7 8. a3 0-0 9. c4 Nb6 10. Nc3 a5 11. Bf4 Bf6 12. Qd2 Nc6 13. Rad1 a4 14. d5 Na5 15. dxe6 Bxe6 16. Qxd8 Raxd8 17. Bxc7 Rxd1 18. Rxd1 Naxc4 19. Bxc4 Nxc4 20. Nxa4 Nxb2 21. Nxb2 Bxb2 22. Rb1 Bxa3 23. Rxb7 Rc8 24. Rb8 Rxb8 25. Bxb8 Bb2 26. Be5 Ba3 27. Bf4 f6 28. Be3 Kf7 29. Nd4 Bd7 30. f3 Ke7 31. Kf2 Kd6 32. Nc2 Bb2 33. Bd4 Bc1 34. Be3 Bb2 35. Bd4 Bc1 36. Be3 Bb2 1/2-1/2